Najludniejsze miasta w Polsce (TOP-30) - Statystyki

Ogólne statystyki
  • Ten quiz został rozwiązany 170 razy
  • Średni wynik to 24 z 30
Statystyki odpowiedzi
Lp. Ludność Miasto % Poprawnych
1. 1 861 975 Warszawa
100%
2. 803 282 Kraków
99%
3. 674 079 Wrocław
99%
6. 486 345 Gdańsk
98%
12. 242 874 Gdynia
96%
5. 541 316 Poznań
96%
4. 658 444 Łódź
95%
8. 331 243 Lublin
95%
7. 391 566 Szczecin
95%
10. 292 600 Białystok
93%
15. 197 181 Rzeszów
93%
9. 330 038 Bydgoszcz
92%
11. 280 190 Katowice
91%
16. 195 690 Toruń
91%
20. 168 212 Olsztyn
88%
13. 208 282 Częstochowa
85%
18. 183 885 Kielce
85%
24. 139 278 Zielona Góra
85%
27. 126 458 Opole
83%
14. 197 848 Radom
81%
19. 171 023 Gliwice
78%
17. 189 178 Sosnowiec
77%
29. 116 436 Gorzów Wielkopolski
76%
22. 155 430 Zabrze
72%
23. 149 576 Bytom
59%
21. 166 765 Bielsko-Biała
54%
28. 123 105 Tychy
51%
30. 114 765 Dąbrowa Górnicza
48%
26. 131 532 Ruda Śląska
38%
25. 131 744 Rybnik
36%
Nie znaleziono quizów pasujących do podanych kryteriów
Rozkład punktacji
Procent ludzi z każdym wynikiem
Percentyl według liczby udzielonych odpowiedzi
Twoja historia wyników
Nie rozwiązałeś tego quizu